Sedm kroků k benchmarkingu

Sedem krokov nevyhnutných pre úspešné porovnávanie s najlepšími podnikmi v odbore: stanoviť kritériá, pripraviť interné dáta, vybrať porovnávací podnik, zhromaždiť externé dáta, analyzovať a interpretovať dáta, odvodiť ciele špecifické pre podnik, naplánovať konkrétne opatrenia. (Blick durch die Wir...

Descrizione completa

Salvato in:
Dettagli Bibliografici
Autore principale: Kreuz, W.
Natura: Capitolo di libro
Lingua:ceco
Soggetti:
Tags: Aggiungi Tag
Nessun Tag, puoi essere il primo ad aggiungerne!!

MARC

LEADER 00000naa a2200000 4500
001 r016923
005 20221208131045.8
041 0 |a cze 
044 |a CZ 
245 1 0 |a Sedm kroků k benchmarkingu  |c W. Kreuz 
520 |a Sedem krokov nevyhnutných pre úspešné porovnávanie s najlepšími podnikmi v odbore: stanoviť kritériá, pripraviť interné dáta, vybrať porovnávací podnik, zhromaždiť externé dáta, analyzovať a interpretovať dáta, odvodiť ciele špecifické pre podnik, naplánovať konkrétne opatrenia. (Blick durch die Wirtschaft, 6.2.1995 - výťah). 
610 2 0 |a porovnanie medzipodnikové 
100 1 |a Kreuz, W.